000 00530nam a22002057i 4500
001 3567
003 OSt
005 20170126082320.0
007 tu
008 161220s1997 xxu||||| |||| 00| 0 d
024 7 _a3566
_2RID
040 _cOSt
084 _a10.341
_a10.53
_2z
100 1 _aMayer, Otto G.
245 0 0 _aGlobalisierung und Wohlfahrtsstaatliche Aufgaben
260 _aHamburg :
_bHWWA-Institut für Wirtschaftsforschung,Hamburg,
_c1997.
300 _a22 S. ;
_c30cm.
490 _aHWWA-Diskussionspapier
_v46
651 _aGermany
942 _cB
999 _c3514
_d3514